Movie by IMDb User Review Title Quiz Stats

 Plays Quiz Updated Apr 17, 2017

Support Sporcle.
Go Orange.
Score 0/25 Timer 05:00
2 Plays Today
% Correct
Star Wars: Episode IV - A New Hope
95%
Jaws
93.6%
The Wizard of Oz
90.1%
Back to the Future
89%
Edward Scissorhands
88%
Die Hard
87.7%
The Exorcist
87.2%
Monsters, Inc.
84.6%
Home Alone
83.4%
Rain Man
83.1%
Toy Story
82.8%
Apocalypse Now
82.8%
The Full Monty
80.3%
% Correct
Planet of the Apes
80%
A Clockwork Orange
79.7%
This Is Spinal Tap
76.9%
Men in Black
76.4%
Casablanca
75.1%
Rocky
74.1%
Thelma and Louise
73.6%
Alien
72.5%
Mad Max
71.9%
North by Northwest
70.1%
Taxi Driver
66.9%
The Godfather
64.7%

You're not logged in!

Compare scores with friends on all Sporcle quizzes.
OR
Log In
Forgot?

From the Vault

Animal Expressions

by triviahappy

Snakes of a feather flock together? No, that can't be right.
Remove Ads.
Support Sporcle.
Get the best of Sporcle when you Go Orange. This ad-free experience offers more features, more stats, and more fun while also helping to support Sporcle. Thank you for becoming a member.

Show Comments

Extras

Top Quizzes Today


Score Distribution

Your Account Isn't Verified!

In order to create a playlist on Sporcle, you need to verify the email address you used during registration. Go to your Sporcle Settings to finish the process.

Report this User

Report this user for behavior that violates our Community Guidelines.

Details: